<?xml version="1.0" encoding="UTF-8"?><?xml-stylesheet type="text/xsl" href="static/style.xsl"?><OAI-PMH xmlns="http://www.openarchives.org/OAI/2.0/" xmlns:xsi="http://www.w3.org/2001/XMLSchema-instance" xsi:schemaLocation="http://www.openarchives.org/OAI/2.0/ http://www.openarchives.org/OAI/2.0/OAI-PMH.xsd"><responseDate>2026-04-17T18:52:48Z</responseDate><request verb="GetRecord" identifier="oai:riubu.ubu.es:10259/8525" metadataPrefix="marc">https://riubu.ubu.es/oai/request</request><GetRecord><record><header><identifier>oai:riubu.ubu.es:10259/8525</identifier><datestamp>2024-01-31T01:05:22Z</datestamp><setSpec>com_10259_8523</setSpec><setSpec>com_10259_4437</setSpec><setSpec>com_10259.4_106</setSpec><setSpec>com_10259_2604</setSpec><setSpec>col_10259_8524</setSpec></header><metadata><record xmlns="http://www.loc.gov/MARC21/slim" xmlns:doc="http://www.lyncode.com/xoai" xmlns:xsi="http://www.w3.org/2001/XMLSchema-instance" xmlns:dcterms="http://purl.org/dc/terms/" xsi:schemaLocation="http://www.loc.gov/MARC21/slim http://www.loc.gov/standards/marcxml/schema/MARC21slim.xsd">
<leader>00925njm 22002777a 4500</leader>
<datafield tag="042" ind1=" " ind2=" ">
<subfield code="a">dc</subfield>
</datafield>
<datafield tag="720" ind1=" " ind2=" ">
<subfield code="a">Amores Fúster, Miguel</subfield>
<subfield code="e">author</subfield>
</datafield>
<datafield tag="260" ind1=" " ind2=" ">
<subfield code="c">2022-12-16</subfield>
</datafield>
<datafield tag="520" ind1=" " ind2=" ">
<subfield code="a">Stendhal está considerado uno de los primeros grandes escritores realistas europeos porque su escritura adelantó rasgos que posteriormente se convertirían en prototípicos de dicha escuela decimonónica. Aquí reivindicaremos este carácter realista pionero, aunque desde una perspectiva diferente. A través de los conceptos de “documentalidad” de Ferraris y de “gubernamentalidad  liberal”  de  Foucault  se  defenderá  que  Stendhal  es  realista  también  por  el  modo  en  que  su  narrativa  (nos  limitaremos  a  Rojo  y  negro)  reproduce  los  nuevos  modos  de  establecimiento  de  la  realidad  social  del  siglo  XIX.  Partiendo de la tesis de Ferraris de que la realidad social se construye en buena medida por la acumulación de actos inscritos, defenderemos que el realismo stendhaliano se concreta también en el modo en que su prosa refleja un mundo ya plenamente capitalista en el que lo real se construye cada vez en mayor medida en función de documentalidades de tipo económico-administrativo en detrimento de las tradicionales, de raíz metafísica.</subfield>
</datafield>
<datafield tag="520" ind1=" " ind2=" ">
<subfield code="a">Stendhal  est  considéré  comme  l’un  des  premiers  grands  écrivains  réalistes  européens,  car  son  écriture  présente  des  caractéristiques  qui  sont  plus  tard  devenues  les  prototypes  de  cette  école  du  XIXème  siècle.  Dans  cet  article,  nous  revendiquons  ce  caractère  réaliste  pionnier,  mais  sous  un  angle  différent.  À  travers  les  concepts  de  « documentalité » de Ferraris et de « gouvernementalité libérale » de Foucault, nous soutiendrons en effet que Stendhal est un auteur réaliste aussi par la manière dont son récit (nous nous limiterons au roman Le rouge et le noir) transmet les nouveaux modes d’établissement de la réalité sociale au XIXème siècle. Prenant appui sur la thèse de Ferraris selon laquelle la réalité sociale est en grande mesure construite par accumulation d’actes inscrits, nous soutiendrons que le réalisme stendhalien apparaît aussi dans la manière dont la prose reflète un monde déjà pleinement capitaliste dans lequel le réel se construit de plus en plus en fonction de documentalités de type économico-administratif au détriment des traditionnelles, ancrées dans le domaine métaphysique.</subfield>
</datafield>
<datafield tag="520" ind1=" " ind2=" ">
<subfield code="a">Stendhal  is  considered  one  of  the  first  great  European  realist  writers  because  his  novels  advanced  some  literary  features  that  later  become  prototypical  of  nineteenth-century  realism.  Here  we  will  vindicate  Stendhal’s  pioneering realist character, but from a different perspective. Through the concepts of “documentality” (Ferraris) and “liberal governmentality” (Foucault) it will be defended that Stendhal is a realistic writer also because of the way in which his texts (we will focus on Le rouge et le noir) reproduces the new ways of establishing social reality in 19th century. Starting from Ferraris’s thesis that social reality is largely constructed by the accumulation of inscribed acts, we will argue that Stendhal’s realism can be also identified by the way Le rouge et le noir reflects an already fully capitalist world in which reality is built more and more on the basis of economic-administrative documentalities to the detriment of traditional, metaphysical-based ones.</subfield>
</datafield>
<datafield tag="024" ind2=" " ind1="8">
<subfield code="a">1139-9368</subfield>
</datafield>
<datafield tag="024" ind2=" " ind1="8">
<subfield code="a">http://hdl.handle.net/10259/8525</subfield>
</datafield>
<datafield tag="024" ind2=" " ind1="8">
<subfield code="a">10.5209/thel.79385</subfield>
</datafield>
<datafield tag="024" ind2=" " ind1="8">
<subfield code="a">1989-8193</subfield>
</datafield>
<datafield ind1=" " ind2=" " tag="653">
<subfield code="a">Stendhal</subfield>
</datafield>
<datafield ind1=" " ind2=" " tag="653">
<subfield code="a">Realismo literario</subfield>
</datafield>
<datafield ind1=" " ind2=" " tag="653">
<subfield code="a">Documentalidad</subfield>
</datafield>
<datafield ind1=" " ind2=" " tag="653">
<subfield code="a">Gubernamentalidad liberal</subfield>
</datafield>
<datafield ind1=" " ind2=" " tag="653">
<subfield code="a">Réalisme littéraire</subfield>
</datafield>
<datafield ind1=" " ind2=" " tag="653">
<subfield code="a">Documentalité</subfield>
</datafield>
<datafield ind1=" " ind2=" " tag="653">
<subfield code="a">Gouvernementalité libérale</subfield>
</datafield>
<datafield ind1=" " ind2=" " tag="653">
<subfield code="a">Literary realism</subfield>
</datafield>
<datafield ind1=" " ind2=" " tag="653">
<subfield code="a">Documentality</subfield>
</datafield>
<datafield ind1=" " ind2=" " tag="653">
<subfield code="a">Liberal governmentality</subfield>
</datafield>
<datafield tag="245" ind1="0" ind2="0">
<subfield code="a">El realismo inscriptor de Stendhal en "Rojo y negro"</subfield>
</datafield>
</record></metadata></record></GetRecord></OAI-PMH>